Normal view
MARC view
Entry Personal Name
001 - CONTROL NUMBER
- control field: 76453
003 - CONTROL NUMBER IDENTIFIER
- control field: dpl
005 - DATE AND TIME OF LATEST TRANSACTION
- control field: 20250113144108.0
008 - FIXED-LENGTH DATA ELEMENTS
- fixed length control field: 250113|| aca||aabn | a|a d
040 ## - CATALOGING SOURCE
- Original cataloging agency: dpl
- Transcribing agency: dpl
100 ## - HEADING--PERSONAL NAME
- Personal name: ब्रजेश
670 ## - SOURCE DATA FOUND
- Source citation: Work cat.: (dpl)208419: ब्रजेश, शिक्षा के सामाजिक एवं द्राशनिक परिप्रेक्ष्य /, 2018
